| 000 | 00949nam a22003137a 4500 | ||
|---|---|---|---|
| 001 | 8100 | ||
| 003 | FISKH | ||
| 005 | 20250825083612.0 | ||
| 008 | 250825b cb ||||| |||| 00| 0 eng d | ||
| 020 | _a9780679803690 | ||
| 040 |
_aFISKH _beng _cFISKH _dFISKH |
||
| 050 | _aE118 .K74 | ||
| 082 | _a970.015092 | ||
| 100 |
_aKrensky, Stephen _d(1953-) |
||
| 245 |
_aChristopher columbus / _cBy Stephen Krensky ; illustrated by Norman Green |
||
| 250 | _aThis edition first published in 1991 | ||
| 260 |
_aToronto : _bRandom house, _c1991 |
||
| 300 |
_a48 pages : _bcolor illustrations ; _c23 cm |
||
| 505 | _aG | ||
| 520 | _aA simple account of Christopher Columbus' first voyage to America. | ||
| 521 | 8 |
_a370
_bLexile |
|
| 521 | 8 |
_aG
_bRaz-Plus |
|
| 600 | _2Columbus | ||
| 650 |
_2Columbus _aBiography |
||
| 650 |
_2Social studies _aExploration |
||
| 700 |
_aGreen, Norman _dillustrator |
||
| 942 |
_2ddc _cBK _n0 |
||
| 999 |
_c8100 _d8100 |
||